『茂』で始まる駅名 - Statistics

General Stats
  • This quiz has been taken 238 times
  • The average score is 3 of 8
Answer Stats
運行本数ヒント 答え % Correct
基本的に毎時3.5本 茂原
84%
基本的に毎時1〜2本 茂木
55%
2024/11上旬まで代行バス 茂市
39%
基本的に毎時4本 茂林寺前
28%
基本的に毎時1本(+新幹線通過) 茂吉記念館前
28%
1日9本 茂辺地
17%
1日9本 茂尻
12%
基本的に毎時18本 茂里町
5%
No matching quizzes found
Score Distribution
Percent of People with Each Score
Percentile by Number Answered
Your Score History
You have not taken this quiz